Rural reconstruction in action : (Record no. 21657)
[ view plain ]
| 000 -LEADER | |
|---|---|
| fixed length control field | 00851cam a22002651a 4500 |
| 001 - CONTROL NUMBER | |
| control field | 10254610 |
| 003 - CONTROL NUMBER IDENTIFIER | |
| control field | BDDh-ASL |
| 005 - DATE AND TIME OF LATEST TRANSACTION | |
| control field | 20231015030025.0 |
| 008 - FIXED-LENGTH DATA ELEMENTS--GENERAL INFORMATION | |
| fixed length control field | 720128s1953 nyu 001 0 eng |
| 010 ## - LIBRARY OF CONGRESS CONTROL NUMBER | |
| LC control number | 53008182 |
| 015 ## - NATIONAL BIBLIOGRAPHY NUMBER | |
| National bibliography number | GB53-13536 |
| 035 ## - SYSTEM CONTROL NUMBER | |
| System control number | (OCoLC)230357 |
| 040 ## - CATALOGING SOURCE | |
| Original cataloging agency | DLC |
| Transcribing agency | ODaWU |
| Modifying agency | MoSpCB |
| -- | OCoLC |
| -- | Uk |
| -- | DLC |
| -- | BDDh-ASL |
| 042 ## - AUTHENTICATION CODE | |
| Authentication code | premarc |
| 050 00 - LIBRARY OF CONGRESS CALL NUMBER | |
| Classification number | HD855 |
| Item number | .A7 |
| 082 ## - DEWEY DECIMAL CLASSIFICATION NUMBER | |
| Classification number | 956 |
| Item number | ALR |
| 100 1# - MAIN ENTRY--PERSONAL NAME | |
| Personal name | Allen, H. B. |
| Fuller form of name | (Harold Boughton), |
| Dates associated with a name | 1891-1970. |
| 245 10 - TITLE STATEMENT | |
| Title | Rural reconstruction in action : |
| Remainder of title | experience in the Near and Middle East / |
| Statement of responsibility, etc. | by H.B. Allen. |
| 260 ## - PUBLICATION, DISTRIBUTION, ETC. | |
| Place of publication, distribution, etc. | Ithaca, NY : |
| Name of publisher, distributor, etc. | Cornell University Press, |
| Date of publication, distribution, etc. | c1953. |
| 300 ## - PHYSICAL DESCRIPTION | |
| Extent | xviii, 204 p. : |
| Other physical details | ill. ; |
| Dimensions | 24 cm. |
| 650 #0 - SUBJECT ADDED ENTRY--TOPICAL TERM | |
| Topical term or geographic name entry element | Rural development |
| Geographic subdivision | Middle East. |
| 650 #0 - SUBJECT ADDED ENTRY--TOPICAL TERM | |
| Topical term or geographic name entry element | Peasants |
| Geographic subdivision | Middle East. |
| 906 ## - LOCAL DATA ELEMENT F, LDF (RLIN) | |
| a | 7 |
| b | cbc |
| c | oclcrpl |
| d | u |
| e | ncip |
| f | 19 |
| g | y-gencatlg |
| 942 ## - ADDED ENTRY ELEMENTS (KOHA) | |
| Source of classification or shelving scheme | Dewey Decimal Classification |
| Koha item type | Books |
| Withdrawn status | Lost status | Source of classification or shelving scheme | Damaged status | Not for loan | Collection code | Home library | Current library | Shelving location | Date acquired | Source of acquisition | Total Checkouts | Full call number | Barcode | Date last seen | Copy number | Price effective from | Koha item type | Public note |
|---|---|---|---|---|---|---|---|---|---|---|---|---|---|---|---|---|---|---|
| Dewey Decimal Classification | Non-fiction | Asiatic Society Library | Asiatic Society Library | General Stacks | 02/09/2021 | ASB Library Collections | 956 ALR | 105510 | 02/09/2021 | C-1 | 02/09/2021 | Books | RARE |